Normal view
MARC view
- Khan,Roedad
Entry Personal Name
001 - CONTROL NUMBER
- control field: 110872
003 - CONTROL NUMBER IDENTIFIER
- control field: NUST
005 - DATE AND TIME OF LATEST TRANSACTION
- control field: 20230321130529.0
008 - FIXED-LENGTH DATA ELEMENTS
- fixed length control field: 230321|| aca||aabn | a|a d
040 ## - CATALOGING SOURCE
- Original cataloging agency: NUST
- Transcribing agency: NUST
100 ## - HEADING--PERSONAL NAME
- Personal name: Khan,Roedad
670 ## - SOURCE DATA FOUND
- Source citation: Work cat.: (NUST)188069: Khan,Roedad, Pakistan - Inquilab Ke Dahanay Per / پاکستان انقلاب کے دہانے پر (Urdu) /, 1998
